000 00695nam a2200217Ia 4500
005 20230602111725.0
008 131103s9999 xx 000 0 und d
020 _a812501880 8
_cRs.180
040 _aLoreto College
041 _aEnglish
082 _a338.954
_bRAY
100 _aRay Chaudhuri,Jayasri
245 3 _aAn introduction to development and regional planning
_b with special reference to India
_cJayasri Ray Chaudhuri
260 _aKolkata
_bOrient Longman
_cc 2001
300 _a[5],483 p.
_b ill.,tables
504 _aIncludes bibliographical references and index
650 _aEconomics
651 _aIndia - Economic Policy and Development
850 _aLCLIB
942 _cBK
999 _c7409
_d57888